Pays Transcontinentaux - Statistiques

Statistiques générales
  • Ce quiz a été pris 193 fois
  • Le résultat moyen est 36 sur 48
Statistiques - réponses
Continent Pays % Correct
Afrique France
99%
Amérique France
99%
Antarctique France
99%
Europe France
99%
Océanie France
99%
Afrique Espagne
98%
Europe Espagne
98%
Asie Russie
98%
Europe Russie
98%
Afrique Royaume-Uni (Territoires sous souveraineté Britannique)
93%
Amérique Royaume-Uni (Territoires sous souveraineté Britannique)
93%
Europe Royaume-Uni (Territoires sous souveraineté Britannique)
93%
Océanie Royaume-Uni (Territoires sous souveraineté Britannique)
93%
Asie Turquie
89%
Europe Turquie
89%
Afrique Portugal
87%
Europe Portugal
87%
Amérique Pays-Bas
83%
Europe Pays-Bas
83%
Antarctique Australie
82%
Asie Australie
82%
Océanie Australie
82%
Amérique Danemark
77%
Europe Danemark
77%
Asie Indonésie
76%
Océanie Indonésie
76%
Afrique Italie
76%
Europe Italie
76%
Asie Japon
76%
Océanie Japon
76%
Antarctique Norvège
71%
Europe Norvège
71%
Afrique Égypte
68%
Asie Égypte
68%
Amérique Chili
64%
Océanie Chili
64%
Amérique États-Unis d'Amérique
56%
Océanie États-Unis d'Amérique
56%
Asie Géorgie
49%
Europe Géorgie
49%
Asie Azerbaïdjan
45%
Europe Azerbaïdjan
45%
Afrique Afrique du Sud
44%
Antarctique Afrique du Sud
44%
Asie Kazakhstan
42%
Europe Kazakhstan
42%
Afrique Yémen
32%
Asie Yémen
32%
Aucun quiz correspondant
Distribution des résultats
% des personnes avec chaque résultat
Percentile par nombre de réponses
Votre historique - résultats
Vous n’avez pas pris ce quiz